000 00581cam a2200217 a 4500
001 1916522
005 20180222065244.0
008 850415s1986 ohua b 001 0 eng
010 _a 85050939
020 _a0538086718
040 _aDLC
_cDLC
_dDLC
041 _aeng
080 _a330 rya
082 0 0 _a330 rya
_219
100 1 _a52
101 _aeco
245 1 0 _aPrinciples of economics /
_cRyan C. Amacher, Holley H. Ulbrich.
504 _aIncludes bibliographical references and index.
906 _a7
_bcbc
_corignew
_d3
_eocip
_f19
_gy-gencatlg
942 _2ddc
_cBK
999 _c43173
_d43173